Statistics for 5-Letter Word Chain Game #2

Click here to take the quiz!

General Stats

  • This quiz has been taken 38,068 times
  • The average score is 21 of 32

Answer Stats

Hint Answer % Correct
Not fullEmpty
93%
Australian dogDingo
87%
Arabian countryYemen
87%
Cupid's projectileArrow
86%
French for redRouge
81%
Alpaca relativeLlama
81%
Poppy productOpium
79%
Belted constellationOrion
78%
Iliad authorHomer
77%
Potato stateIdaho
77%
Marry + run awayElope
76%
Pleasant smellAroma
72%
When the moon hits your eye, like
a big pizza pie, that's ...
Amore
72%
Former capital of JapanKyoto
70%
Jewish leaderRabbi
69%
Lead singer of The PoliceSting
68%
Leg boneTibia
67%
Slow animalSnail
67%
Vaccine-preventable diseaseMumps
64%
Coven memberWitch
64%
Neighbor of the aboveOsaka
61%
Biggest city in NigeriaLagos
55%
Place where everything's biggerTexas
54%
Dutch oil companyShell
53%
City in northwest Italy.
Hometown of Christopher Columbus
Genoa
52%
Made a mistakeErred
49%
Expert pool playerShark
49%
AphroditeVenus
47%
Monastery leaderAbbot
46%
Musical piece for nine musiciansNonet
40%
Israeli desertNegev
25%
Fur baron John JacobAstor
24%

Score Distribution

Percentile by Number Answered

Percent of People with Each Score

Your Score History

You have not taken this quiz